| 000 | 00774nam a2200241Ia 4500 | ||
|---|---|---|---|
| 003 | GCL | ||
| 008 | 140319s9999 xx 000 0 ara d | ||
| 020 | _a2146315975 | ||
| 040 |
_aGCL / _cGCL |
||
| 082 | 0 | 4 |
_a214 _bم ا |
| 100 | 1 | _aمحمد فتح الله كولن | |
| 245 | 1 | 0 |
_aاسئلة العصر المحيرة / _cمحمد فتح الله كولن |
| 250 | _aالاولى | ||
| 260 |
_aتركيا : _bدار النيل ، _c2002 |
||
| 300 |
_a344 ص ؛ _c20 سم |
||
| 650 | 0 | 4 | _aالاسلام |
| 650 | 0 | 4 | _aالاخلاق الاسلامية |
| 650 | 0 | 4 | _aالاسلام والمجتمع |
| 650 | 0 | 4 | _aالاسلام - دعوة |
| 650 | 0 | 4 | _aالاداب الاسلامية |
| 650 | 0 | 4 | _aالاسلام والاصلاح الدينى |
| 942 |
_2ddc _cBK |
||
| 999 |
_c6509 _d6509 |
||